Casos destacados derecho penal: parte general
Saved in:
| 主要作者: | |
|---|---|
| 格式: | 图书 |
| 语言: | 西班牙语 |
| 出版: |
Santiago
Thomson Reuters La Ley
2015
|
| 版: | 1a. ed |
| 丛编: | Colección Casos Destacados
|
| 主题: | |
| 标签: |
添加标签
没有标签, 成为第一个标记此记录!
|
MARC
| LEADER | 00000cam a2200000 a 4500 | ||
|---|---|---|---|
| 001 | UCD4884 | ||
| 003 | CL-VaPUC | ||
| 008 | 160722e20151200cl |||||||||||||||||spa|d | ||
| 020 | |a 9789563467352 | ||
| 082 | 0 | 4 | |a 345.83 |b VAR |2 21 |
| 100 | 0 | |a Vargas Pinto, Tatiana |e author |9 588578 | |
| 245 | 1 | 0 | |a Casos destacados derecho penal: parte general |
| 250 | |a 1a. ed | ||
| 300 | |a 590 p | ||
| 942 | |c BK | ||
| 945 | |d 20160722 23:21:00 |a arojas | ||
| 260 | |a Santiago |b Thomson Reuters La Ley |c 2015 | ||
| 650 | 7 | |a DERECHO PENAL |2 CL-VaPUC |9 11 | |
| 650 | 0 | |a Jurisprudencia |9 255952 | |
| 650 | 7 | |a CASOS |2 CL-VaPUC |9 255604 | |
| 651 | 7 | |a CHILE |2 CL-VaPUC |9 588579 | |
| 583 | |a last modification |c 20160722 23:21:00 |k Rodrigo Vera | ||
| 490 | 0 | |a Colección Casos Destacados | |
| 999 | |c 365676 |d 365674 | ||
| 952 | |0 0 |1 0 |3 erb |4 0 |6 345_830000000000000_VAR_2015 |7 0 |8 A |9 479597 |a BIBDER |b BIBDER |i 5299217 |l 8 |o 345.83 VAR 2015 |p 5299217 |r 2024-09-09 |s 2024-09-09 |w 2019-11-24 |y BK |z Catalogado en:20160722 |k DER | ||